Statistics for Guess that colour by the picture

Click here to take the quiz!

General Stats

  • This quiz has been taken 19 times
  • The average score is 11 of 15

Answer Stats

Answer% Correct
Orange
100%
Blue
100%
Yellow
94%
Lime
94%
Sand
89%
Red
89%
Brown
89%
Grey
89%
Pink
83%
Peach
83%
Black
78%
Violet
67%
Beige
44%
Gold
39%
Indigo
6%

Score Distribution

Percentile by Number Answered

Percent of People with Each Score

Your Score History

You have not taken this quiz